000 01357nam a22003494a 4500
001 ebr10052607
003 CaPaEBR
006 m u
007 cr cn|||||||||
008 020514s2002 ne a sb 000 0 eng
010 _z 2002071079
020 _z1402005490 (alk. paper)
040 _aCaPaEBR
_cCaPaEBR
035 _a(OCoLC)51785023
050 1 4 _aT57.95
_b.C67 2002eb
082 0 4 _a658.4
_221
245 0 0 _aCooperative control and optimization
_h[electronic resource] /
_cedited by Robert Murphey and Panos M. Pardalos.
260 _aDordrecht ;
_aBoston :
_bKluwer Academic Publishers,
_cc2002.
300 _axii, 303 p. :
_bill.
490 1 _aApplied optimization ;
_vv. 66
504 _aIncludes bibliographical references.
533 _aElectronic reproduction.
_bPalo Alto, Calif. :
_cebrary,
_d2013.
_nAvailable via World Wide Web.
_nAccess may be limited to ebrary affiliated libraries.
650 0 _aDecision making.
650 0 _aMathematical optimization.
650 0 _aControl theory.
655 7 _aElectronic books.
_2local
700 1 _aMurphey, Robert.
700 1 _aPardalos, P. M.
_q(Panos M.),
_d1954-
710 2 _aebrary, Inc.
830 0 _aApplied optimization ;
_vv. 66.
856 4 0 _uhttp://site.ebrary.com/lib/rucke/Doc?id=10052607
_zAn electronic book accessible through the World Wide Web; click to view
999 _c170507
_d170507